000 00387pab a2200157 454500
008 180718b2001 xxu||||| |||| 00| 0 eng d
100 _aAzariah, Edmund
245 _aDragon invasion unnerves Indian industry
260 _c2001
300 _ap.5-7
362 _a13 Jan
650 _aIndia - Industries
650 _aIndustrial development
773 _aYoung Indian
909 _a47511
999 _c47511
_d47511